Most Streamed Rock Artists On Spotify - Statistics

General Stats
  • This quiz has been taken 156 times
  • The average score is 5 of 16
Answer Stats
# Artist Streams % Correct
3 The Beatles 20.3B
77%
1 Queen 23.6B
69%
6 Nirvana 11.7B
63%
14 The Rolling Stones 9.9B
63%
9 Green Day 11.2B
38%
13 Pink Floyd 10.0B
38%
4 Red Hot Chili Peppers 16.3B
32%
15 Foo Fighters 8.5B
29%
2 Arctic Monkeys 20.5B
21%
5 Elton John 13.9B
18%
10 Fleetwood Mac 11.0B
17%
16 blink-182 8.5B
14%
8 Fall Out Boy 11.6B
7%
12 5 Seconds of Summer 10.1B
1%
7 Hozier 11.7B
1%
11 John Mayer 10.4B
0%
No matching quizzes found
Score Distribution
Percent of People with Each Score
Percentile by Number Answered
Your Score History
You have not taken this quiz